[Event "Королевский Гамбит. Южный Федеральный округ."]
[Date "2025-11-21"]
[Round "3.7"]
[Board "7"]
[White "Жураков Всеволод"]
[WhiteElo "1009"]
[Black "Алёхина Дарья"]
[BlackElo "1019"]
[WebSite "https://www.chessopen.ru"]
[GameId "0d5518e2-cb60-4516-80a5-90d81cbe988f"]
[Result "0-1"]

1. Nf3 { [%clk 0:10:01] } Nf6 { [%clk 0:09:56] } 2. Nc3 { [%clk 0:09:59] } Nc6
{ [%clk 0:09:55] } 3. e4 { [%clk 0:10:00] } e5 { [%clk 0:09:56] } 4. Be2 {
[%clk 0:09:56] } d6 { [%clk 0:09:57] } 5. d3 { [%clk 0:09:56] } h6 { [%clk
0:09:58] } 6. O-O { [%clk 0:09:57] } Be7 { [%clk 0:09:59] } 7. Be3 { [%clk
0:09:49] } O-O { [%clk 0:09:47] } 8. h3 { [%clk 0:09:47] } d5 { [%clk 0:09:32]
} 9. exd5 { [%clk 0:09:47] } Nxd5 { [%clk 0:09:30] } 10. Qd2 { [%clk 0:09:42] }
Bb4 { [%clk 0:09:20] } 11. a3 { [%clk 0:09:36] } Bxc3 { [%clk 0:09:18] } 12.
bxc3 { [%clk 0:09:36] } Nxe3 { [%clk 0:09:06] } 13. Qxe3 { [%clk 0:09:35] } Qd6
{ [%clk 0:08:53] } 14. Qe4 { [%clk 0:09:01] } Re8 { [%clk 0:08:50] } 15. d4 {
[%clk 0:08:58] } b6 { [%clk 0:08:27] } 16. Bd3 { [%clk 0:08:52] } Bb7 { [%clk
0:08:21] } 17. Qh7+ { [%clk 0:08:50] } Kf8 { [%clk 0:08:20] } 18. Qh8+ { [%clk
0:08:35] } Ke7 { [%clk 0:08:21] } 19. Qxg7 { [%clk 0:08:34] } exd4 { [%clk
0:08:18] } 20. Rfe1+ { [%clk 0:08:30] } Kd7 { [%clk 0:08:04] } 21. Qxf7+ {
[%clk 0:08:29] } Ne7 { [%clk 0:07:45] } 22. Bb5+ { [%clk 0:08:22] } c6 { [%clk
0:07:44] } 23. Ne5+ { [%clk 0:08:19] } Kc7 { [%clk 0:07:31] } 24. Qc4 { [%clk
0:08:02] } dxc3 { [%clk 0:07:29] } 25. Qxc3 { [%clk 0:07:50] } Qd5 { [%clk
0:07:24] } 26. Bc4 { [%clk 0:07:36] } Qc5 { [%clk 0:06:58] } 27. Qg3 { [%clk
0:07:29] } Nf5 { [%clk 0:06:45] } 28. Qf4 { [%clk 0:07:22] } Nd6 { [%clk
0:06:40] } 29. Bf7 { [%clk 0:07:11] } Rf8 { [%clk 0:06:34] } 30. Qxh6 { [%clk
0:06:42] } Nxf7 { [%clk 0:06:20] } 31. Nxf7 { [%clk 0:06:40] } Rxf7 { [%clk
0:06:18] } 32. Qg6 { [%clk 0:06:36] } Qxf2+ { [%clk 0:06:05] } 33. Kh1 { [%clk
0:06:29] } Rd7 { [%clk 0:05:55] } 34. Rf1 { [%clk 0:06:16] } Qxc2 { [%clk
0:05:54] } 35. Rf7 { [%clk 0:05:58] } Qxg6 { [%clk 0:05:50] } 36. Rxd7+ { [%clk
0:05:49] } Kxd7 { [%clk 0:05:51] } 37. Rd1+ { [%clk 0:05:48] } Kc7 { [%clk
0:05:52] } 38. Re1 { [%clk 0:05:39] } c5 { [%clk 0:05:52] } 39. Re7+ { [%clk
0:05:37] } Kc6 { [%clk 0:05:51] } 40. Re4 { [%clk 0:05:21] } Qxe4 { [%clk
0:05:45] } 41. h4 { [%clk 0:05:18] } Kb5 { [%clk 0:05:46] } 42. h5 { [%clk
0:05:19] } Qxg2# { [%clk 0:05:47] } 0-1

[Event "Королевский Гамбит. Южный Федеральный округ."]
[Date "2025-11-21"]
[Round "3.7"]
[Board "7"]
[White "Сериков Дмитрий"]
[WhiteElo "962"]
[Black "Саганов Алексей"]
[BlackElo "990"]
[WebSite "https://www.chessopen.ru"]
[GameId "92773343-b699-4a46-8e13-98671563105d"]
[Result "0-1"]

1. e4 { [%clk 0:09:58] } e5 { [%clk 0:10:00] } 2. Nf3 { [%clk 0:09:57] } d6 {
[%clk 0:09:50] } 3. Nc3 { [%clk 0:09:52] } a6 { [%clk 0:09:43] } 4. Bc4 { [%clk
0:09:51] } Nc6 { [%clk 0:09:36] } 5. d3 { [%clk 0:09:46] } f6 { [%clk 0:09:31]
} 6. Be3 { [%clk 0:09:41] } Nge7 { [%clk 0:09:23] } 7. O-O { [%clk 0:09:34] }
Ng6 { [%clk 0:09:06] } 8. Ng5 { [%clk 0:09:09] } fxg5 { [%clk 0:08:48] } 9. Nd5
{ [%clk 0:08:59] } b6 { [%clk 0:08:33] } 10. Qh5 { [%clk 0:08:13] } Qd7 { [%clk
0:08:04] } 11. Bxg5 { [%clk 0:07:50] } Qg4 { [%clk 0:07:51] } 12. Qh3 { [%clk
0:07:20] } Qxg5 { [%clk 0:07:48] } 13. Nxc7+ { [%clk 0:07:16] } Ke7 { [%clk
0:07:34] } 14. Be6 { [%clk 0:06:59] } Qf6 { [%clk 0:07:22] } 15. d4 { [%clk
0:06:51] } Bxe6 { [%clk 0:07:07] } 16. Nxe6 { [%clk 0:06:47] } Qxe6 { [%clk
0:07:07] } 17. d5 { [%clk 0:06:36] } Qf7 { [%clk 0:06:53] } 18. dxc6 { [%clk
0:06:35] } Rc8 { [%clk 0:06:51] } 19. Qd7+ { [%clk 0:06:28] } Kf6 { [%clk
0:06:38] } 20. Qxc8 { [%clk 0:06:26] } Ne7 { [%clk 0:06:26] } 21. Qg4 { [%clk
0:06:11] } Nxc6 { [%clk 0:06:26] } 22. Qf5+ { [%clk 0:06:09] } Ke7 { [%clk
0:06:25] } 23. Rad1 { [%clk 0:06:04] } g6 { [%clk 0:06:18] } 24. Qg5+ { [%clk
0:05:46] } Qf6 { [%clk 0:06:12] } 25. Qxf6+ { [%clk 0:05:39] } Kxf6 { [%clk
0:06:12] } 26. c4 { [%clk 0:05:29] } Nd4 { [%clk 0:06:07] } 27. f4 { [%clk
0:05:23] } Ne2+ { [%clk 0:06:00] } 28. Kh1 { [%clk 0:05:20] } exf4 { [%clk
0:05:58] } 29. Rde1 { [%clk 0:05:06] } Nd4 { [%clk 0:05:49] } 30. Rxf4+ { [%clk
0:05:00] } Ke5 { [%clk 0:05:36] } 31. g3 { [%clk 0:04:48] } Bh6 { [%clk
0:05:31] } 32. Rh4 { [%clk 0:04:38] } Bd2 { [%clk 0:05:11] } 33. Re3 { [%clk
0:03:59] } Bxe3 { [%clk 0:05:08] } 34. b3 { [%clk 0:03:36] } Nf3 { [%clk
0:04:55] } 35. Rh3 { [%clk 0:03:27] } Nd2 { [%clk 0:04:52] } 36. g4 { [%clk
0:03:24] } Kxe4 { [%clk 0:04:49] } 37. a4 { [%clk 0:03:16] } Rf8 { [%clk
0:04:49] } 38. b4 { [%clk 0:03:08] } Rf1+ { [%clk 0:04:46] } 39. Kg2 { [%clk
0:03:02] } Rf2+ { [%clk 0:04:25] } 40. Kg3 { [%clk 0:02:56] } Nf1+ { [%clk
0:04:18] } 41. Kh4 { [%clk 0:02:53] } Bf4 { [%clk 0:04:03] } 42. a5 { [%clk
0:02:39] } bxa5 { [%clk 0:04:01] } 43. b5 { [%clk 0:02:39] } axb5 { [%clk
0:03:57] } 44. cxb5 { [%clk 0:02:37] } Rb2 { [%clk 0:03:57] } 45. b6 { [%clk
0:02:07] } Rxb6 { [%clk 0:03:57] } 46. g5 { [%clk 0:01:57] } Nxh2 { [%clk
0:03:55] } 47. Rxh2 { [%clk 0:01:53] } Bxh2 { [%clk 0:03:55] } 48. Kh3 { [%clk
0:01:42] } Bf4 { [%clk 0:03:53] } 49. Kg4 { [%clk 0:01:42] } Rb1 { [%clk
0:03:51] } 50. Kh4 { [%clk 0:01:36] } Rh1+ { [%clk 0:03:48] } 51. Kg4 { [%clk
0:01:36] } Rg1+ { [%clk 0:03:40] } 52. Kh3 { [%clk 0:01:35] } Bxg5 { [%clk
0:03:41] } 53. Kh2 { [%clk 0:01:34] } Rg4 { [%clk 0:03:28] } 54. Kh3 { [%clk
0:01:31] } Kf4 { [%clk 0:03:28] } 55. Kh2 { [%clk 0:01:31] } Bh4 { [%clk
0:03:26] } 56. Kh3 { [%clk 0:01:25] } Bf2 { [%clk 0:03:12] } 57. Kh2 { [%clk
0:01:24] } Kf3 { [%clk 0:03:07] } 58. Kh3 { [%clk 0:01:17] } Rh4# { [%clk
0:03:07] } 0-1

[Event "Королевский Гамбит. Южный Федеральный округ."]
[Date "2025-11-21"]
[Round "3.7"]
[Board "7"]
[White "Синичкина Ксения"]
[WhiteElo "1009"]
[Black "Дорошенко Мария"]
[BlackElo "981"]
[WebSite "https://www.chessopen.ru"]
[GameId "0e098578-54af-434f-ad2c-cf1e09cef364"]
[Result "1-0"]

1. e4 { [%clk 0:10:00] } e5 { [%clk 0:09:59] } 2. Nf3 { [%clk 0:10:00] } Nc6 {
[%clk 0:09:56] } 3. Nc3 { [%clk 0:10:01] } Bb4 { [%clk 0:09:50] } 4. Bc4 {
[%clk 0:09:57] } Bxc3 { [%clk 0:09:47] } 5. dxc3 { [%clk 0:09:50] } Nf6 { [%clk
0:09:46] } 6. O-O { [%clk 0:09:40] } Nxe4 { [%clk 0:09:46] } 7. Bg5 { [%clk
0:09:30] } Nxg5 { [%clk 0:09:40] } 8. Qd5 { [%clk 0:08:26] } Nxf3+ { [%clk
0:09:24] } 9. Qxf3 { [%clk 0:08:18] } d5 { [%clk 0:09:15] } 10. Bxd5 { [%clk
0:08:17] } Ne7 { [%clk 0:09:11] } 11. Qxf7+ { [%clk 0:07:18] } Kd7 { [%clk
0:09:06] } 12. Be6+ { [%clk 0:07:14] } Kc6 { [%clk 0:09:04] } 13. Rad1 { [%clk
0:07:08] } Qg8 { [%clk 0:08:48] } 14. Qf3+ { [%clk 0:06:41] } Kc5 { [%clk
0:08:42] } 15. Bxg8 { [%clk 0:06:33] } Rxg8 { [%clk 0:08:40] } 16. Rfe1 { [%clk
0:06:20] } Ng6 { [%clk 0:08:38] } 17. Qd5+ { [%clk 0:06:17] } Kb6 { [%clk
0:08:36] } 18. Qxg8 { [%clk 0:06:08] } Bg4 { [%clk 0:08:26] } 19. Rd8 { [%clk
0:05:59] } Nf4 { [%clk 0:08:13] } 20. Rxa8 { [%clk 0:05:52] } Bh3 { [%clk
0:08:12] } 21. g3 { [%clk 0:04:39] } Ng2 { [%clk 0:07:59] } 22. Rxe5 { [%clk
0:04:34] } c6 { [%clk 0:07:48] } 23. Qb3+ { [%clk 0:03:21] } Kc7 { [%clk
0:07:44] } 24. Re7+ { [%clk 0:03:17] } Bd7 { [%clk 0:07:34] } 25. Rxa7 { [%clk
0:03:13] } Kd8 { [%clk 0:07:18] } 26. Qf7 { [%clk 0:02:49] } Kc7 { [%clk
0:07:13] } 27. Rxd7+ { [%clk 0:02:40] } Kb6 { [%clk 0:07:11] } 28. Rdxb7+ {
[%clk 0:02:32] } Kc5 { [%clk 0:07:09] } 29. Qf5+ { [%clk 0:02:23] } Kd6 { [%clk
0:06:49] } 30. Qd7+ { [%clk 0:01:59] } Kc5 { [%clk 0:06:45] } 31. Ra5+ { [%clk
0:01:57] } Kc4 { [%clk 0:06:38] } 32. Rb4# { [%clk 0:01:52] } 1-0

[Event "Королевский Гамбит. Южный Федеральный округ."]
[Date "2025-11-21"]
[Round "3.8"]
[Board "8"]
[White "Мальченко Екатерина"]
[WhiteElo "981"]
[Black "Хомец Оливия"]
[BlackElo "1010"]
[WebSite "https://www.chessopen.ru"]
[GameId "cc157154-798b-4534-9d9d-f9860c3276ad"]
[Result "0-1"]

1. e4 { [%clk 0:10:00] } e5 { [%clk 0:09:56] } 2. Nf3 { [%clk 0:09:55] } Nc6 {
[%clk 0:09:43] } 3. Nc3 { [%clk 0:09:52] } Nf6 { [%clk 0:09:37] } 4. Bc4 {
[%clk 0:09:51] } Bc5 { [%clk 0:09:11] } 5. O-O { [%clk 0:09:47] } d6 { [%clk
0:09:05] } 6. d3 { [%clk 0:09:44] } Bg4 { [%clk 0:08:46] } 7. Bg5 { [%clk
0:09:17] } Nd4 { [%clk 0:08:40] } 8. h3 { [%clk 0:08:56] } Nxf3+ { [%clk
0:08:26] } 9. gxf3 { [%clk 0:08:56] } Bxh3 { [%clk 0:08:25] } 10. Nd5 { [%clk
0:08:31] } Bxf1 { [%clk 0:08:12] } 11. Kxf1 { [%clk 0:08:28] } h6 { [%clk
0:08:01] } 12. Bxf6 { [%clk 0:08:21] } gxf6 { [%clk 0:07:46] } 13. Nxc7+ {
[%clk 0:08:09] } Qxc7 { [%clk 0:07:38] } 14. Bb5+ { [%clk 0:08:03] } Ke7 {
[%clk 0:07:15] } 15. b4 { [%clk 0:07:50] } Bxf2 { [%clk 0:07:05] } 16. Kxf2 {
[%clk 0:07:30] } Qb6+ { [%clk 0:07:03] } 17. d4 { [%clk 0:07:14] } Qxb5 { [%clk
0:06:45] } 18. dxe5 { [%clk 0:07:14] } fxe5 { [%clk 0:06:23] } 19. c3 { [%clk
0:07:02] } Rhg8 { [%clk 0:06:16] } 20. Ke3 { [%clk 0:06:37] } Rg2 { [%clk
0:04:23] } 21. Qe1 { [%clk 0:06:31] } Qb6+ { [%clk 0:04:21] } 22. Kd3 { [%clk
0:06:19] } Rf2 { [%clk 0:04:16] } 23. a3 { [%clk 0:06:00] } Rxf3+ { [%clk
0:04:07] } 24. Kc2 { [%clk 0:05:45] } Qf2+ { [%clk 0:03:50] } 25. Kb3 { [%clk
0:05:32] } Qxe1 { [%clk 0:03:30] } 26. Rxe1 { [%clk 0:05:30] } Rc8 { [%clk
0:03:28] } 27. Ka4 { [%clk 0:05:12] } Rcxc3 { [%clk 0:03:25] } 28. b5 { [%clk
0:05:03] } Rxa3+ { [%clk 0:03:17] } 29. Kb4 { [%clk 0:04:45] } Rae3 { [%clk
0:02:42] } 30. Rxe3 { [%clk 0:04:44] } Rxe3 { [%clk 0:02:42] } 31. Ka5 { [%clk
0:04:42] } Rxe4 { [%clk 0:02:45] } 32. b6 { [%clk 0:04:43] } axb6+ { [%clk
0:02:43] } 33. Kxb6 { [%clk 0:04:44] } h5 { [%clk 0:02:43] } 34. Kxb7 { [%clk
0:04:45] } Rc4 { [%clk 0:02:38] } 35. Kb6 { [%clk 0:04:45] } Rc1 { [%clk
0:02:38] } 36. Kb5 { [%clk 0:04:47] } h4 { [%clk 0:02:38] } 37. Kb4 { [%clk
0:04:50] } h3 { [%clk 0:02:39] } 38. Kb3 { [%clk 0:04:53] } h2 { [%clk 0:02:38]
} 39. Kb2 { [%clk 0:04:55] } h1=Q { [%clk 0:02:34] } 40. Kb3 { [%clk 0:04:55] }
Qh4 { [%clk 0:02:30] } 41. Ka3 { [%clk 0:04:56] } Rg1 { [%clk 0:02:26] } 42.
Kb3 { [%clk 0:04:56] } Rg3+ { [%clk 0:02:28] } 43. Kb2 { [%clk 0:04:57] } Qh2+
{ [%clk 0:02:29] } 44. Ka1 { [%clk 0:04:57] } Rg1# { [%clk 0:02:30] } 0-1

[Event "Королевский Гамбит. Южный Федеральный округ."]
[Date "2025-11-21"]
[Round "3.8"]
[Board "8"]
[White "Мотина Полина"]
[WhiteElo "980"]
[Black "Арина Фисенко"]
[BlackElo "980"]
[WebSite "https://www.chessopen.ru"]
[GameId "5c0e022a-1f09-4325-ace7-1964b0d9f74b"]
[Result "1-0"]

1. b3 { [%clk 0:09:57] } e6 { [%clk 0:05:20] } 2. g3 { [%clk 0:08:41] } d5 {
[%clk 0:05:18] } 3. Bb2 { [%clk 0:08:38] } Nf6 { [%clk 0:05:06] } 4. Bg2 {
[%clk 0:08:39] } Nc6 { [%clk 0:05:04] } 5. Nh3 { [%clk 0:08:36] } Ne4 { [%clk
0:04:53] } 6. d3 { [%clk 0:08:24] } Nf6 { [%clk 0:04:42] } 7. e3 { [%clk
0:08:25] } h6 { [%clk 0:04:34] } 8. Na3 { [%clk 0:08:08] } Bc5 { [%clk 0:04:29]
} 9. Nb5 { [%clk 0:08:07] } O-O { [%clk 0:04:11] } 10. Bxf6 { [%clk 0:07:59] }
Qxf6 { [%clk 0:04:07] } 11. Nxc7 { [%clk 0:07:55] } Rb8 { [%clk 0:04:02] } 12.
d4 { [%clk 0:07:49] } Bd6 { [%clk 0:03:54] } 13. Nb5 { [%clk 0:07:45] } Bb4+ {
[%clk 0:03:39] } 14. Kf1 { [%clk 0:07:26] } a6 { [%clk 0:03:36] } 15. a3 {
[%clk 0:07:16] } Be7 { [%clk 0:03:23] } 16. Nc3 { [%clk 0:07:15] } e5 { [%clk
0:03:13] } 17. Bxd5 { [%clk 0:06:54] } Na5 { [%clk 0:03:04] } 18. f4 { [%clk
0:06:42] } exf4 { [%clk 0:02:50] } 19. gxf4 { [%clk 0:06:39] } Bxh3+ { [%clk
0:02:46] } 20. Kg1 { [%clk 0:06:36] } Qg6+ { [%clk 0:02:44] } 21. Kf2 { [%clk
0:06:32] } Qg2+ { [%clk 0:02:41] } 22. Ke1 { [%clk 0:06:32] } Qg6 { [%clk
0:02:23] } 23. Ne2 { [%clk 0:06:26] } Bh4+ { [%clk 0:02:18] } 24. Kd2 { [%clk
0:06:26] } Bg4 { [%clk 0:02:11] } 25. Rg1 { [%clk 0:06:14] } Qf5 { [%clk
0:01:53] } 26. e4 { [%clk 0:06:07] } Qd7 { [%clk 0:01:42] } 27. a4 { [%clk
0:05:58] } h5 { [%clk 0:01:06] } 28. c4 { [%clk 0:05:47] } Qd6 { [%clk 0:00:40]
} 29. e5 { [%clk 0:05:46] } Qb4+ { [%clk 0:00:37] } 30. Nc3 { [%clk 0:05:45] }
Nxb3+ { [%clk 0:00:32] } 31. Kd3 { [%clk 0:05:41] } Bf3 { [%clk 0:00:31] } 32.
Qxf3 { [%clk 0:05:39] } Nxa1 { [%clk 0:00:21] } 33. Qxh5 { [%clk 0:05:26] } Bf2
{ [%clk 0:00:08] } 34. Rg2 { [%clk 0:05:22] } Qb2 { [%clk 0:00:03] } 35. c5 {
[%clk 0:04:56] } 1-0

[Event "Королевский Гамбит. Южный Федеральный округ."]
[Date "2025-11-21"]
[Round "3.8"]
[Board "8"]
[White "Половко Катя"]
[WhiteElo "1020"]
[Black "Мережко Татьяна"]
[BlackElo "1001"]
[WebSite "https://www.chessopen.ru"]
[GameId "2da1b6e8-492e-402a-8d42-727c4aab528a"]
[Result "1/2-1/2"]

1. d4 { [%clk 0:09:55] } d6 { [%clk 0:09:59] } 2. c4 { [%clk 0:09:55] } Bf5 {
[%clk 0:09:53] } 3. Nc3 { [%clk 0:09:58] } Nc6 { [%clk 0:09:52] } 4. Nf3 {
[%clk 0:09:59] } e6 { [%clk 0:09:50] } 5. g3 { [%clk 0:09:56] } d5 { [%clk
0:09:48] } 6. cxd5 { [%clk 0:09:57] } exd5 { [%clk 0:09:39] } 7. Bg2 { [%clk
0:09:47] } Be4 { [%clk 0:09:38] } 8. O-O { [%clk 0:09:37] } Bxf3 { [%clk
0:09:36] } 9. Bxf3 { [%clk 0:09:38] } Nf6 { [%clk 0:09:28] } 10. Bg5 { [%clk
0:09:33] } h6 { [%clk 0:09:29] } 11. Bxf6 { [%clk 0:09:33] } Qxf6 { [%clk
0:09:27] } 12. Nxd5 { [%clk 0:09:32] } Qd8 { [%clk 0:09:20] } 13. Qd3 { [%clk
0:09:22] } Bd6 { [%clk 0:09:14] } 14. Qe3+ { [%clk 0:09:21] } Be7 { [%clk
0:09:02] } 15. Nxe7 { [%clk 0:09:20] } Qxe7 { [%clk 0:08:53] } 16. Qxe7+ {
[%clk 0:09:19] } Kxe7 { [%clk 0:08:51] } 17. Bxc6 { [%clk 0:09:18] } bxc6 {
[%clk 0:08:53] } 18. Rac1 { [%clk 0:09:17] } Kd6 { [%clk 0:08:53] } 19. Rfd1 {
[%clk 0:09:16] } Rab8 { [%clk 0:08:52] } 20. b3 { [%clk 0:09:03] } Rhe8 { [%clk
0:08:47] } 21. e3 { [%clk 0:09:02] } Kd5 { [%clk 0:06:24] } 22. Rc5+ { [%clk
0:08:55] } Kd6 { [%clk 0:06:19] } 23. Rf5 { [%clk 0:08:42] } Rb5 { [%clk
0:06:16] } 24. Rxf7 { [%clk 0:08:35] } g5 { [%clk 0:06:12] } 25. Rh7 { [%clk
0:08:28] } Re6 { [%clk 0:06:12] } 26. a4 { [%clk 0:08:12] } Rxb3 { [%clk
0:06:09] } 27. Re1 { [%clk 0:07:45] } Ra3 { [%clk 0:06:06] } 28. Rh8 { [%clk
0:07:28] } Rxa4 { [%clk 0:06:05] } 29. Rd8+ { [%clk 0:07:30] } Ke7 { [%clk
0:06:02] } 30. Rc8 { [%clk 0:07:20] } Kd7 { [%clk 0:06:01] } 31. Rg8 { [%clk
0:06:35] } Ra5 { [%clk 0:05:55] } 32. Rg7+ { [%clk 0:06:35] } Kd6 { [%clk
0:05:53] } 33. e4 { [%clk 0:06:19] } 1/2-1/2

[Event "Королевский Гамбит. Южный Федеральный округ."]
[Date "2025-11-21"]
[Round "3.8"]
[Board "8"]
[White "Третьякова Александрина"]
[WhiteElo "1010"]
[Black "Недбальская Вера"]
[BlackElo "990"]
[WebSite "https://www.chessopen.ru"]
[GameId "c41a6905-0a86-45a3-a349-61d1c90f4c76"]
[Result "1/2-1/2"]

1. e4 { [%clk 0:09:59] } e5 { [%clk 0:09:24] } 2. Nf3 { [%clk 0:09:56] } Nc6 {
[%clk 0:09:23] } 3. Nc3 { [%clk 0:09:51] } Nf6 { [%clk 0:09:18] } 4. b3 { [%clk
0:09:46] } Bc5 { [%clk 0:09:10] } 5. h3 { [%clk 0:09:41] } d6 { [%clk 0:09:08]
} 6. d3 { [%clk 0:09:35] } h6 { [%clk 0:09:07] } 7. Bb2 { [%clk 0:09:28] } Be6
{ [%clk 0:09:03] } 8. a3 { [%clk 0:09:22] } a5 { [%clk 0:08:53] } 9. Be2 {
[%clk 0:09:09] } O-O { [%clk 0:08:48] } 10. O-O { [%clk 0:09:08] } Re8 { [%clk
0:08:33] } 11. Qd2 { [%clk 0:08:44] } Nd4 { [%clk 0:08:12] } 12. Nh2 { [%clk
0:08:08] } Bb6 { [%clk 0:07:33] } 13. Kh1 { [%clk 0:07:39] } Qd7 { [%clk
0:07:09] } 14. f4 { [%clk 0:07:14] } exf4 { [%clk 0:06:56] } 15. Rxf4 { [%clk
0:07:12] } d5 { [%clk 0:06:17] } 16. e5 { [%clk 0:06:45] } Nh7 { [%clk 0:05:59]
} 17. Bg4 { [%clk 0:06:25] } Bxg4 { [%clk 0:05:47] } 18. Nxg4 { [%clk 0:06:20]
} Ng5 { [%clk 0:05:39] } 19. Raf1 { [%clk 0:06:06] } Re7 { [%clk 0:05:03] } 20.
Na4 { [%clk 0:05:56] } Nde6 { [%clk 0:04:47] } 21. Nxb6 { [%clk 0:05:44] } cxb6
{ [%clk 0:04:43] } 22. R4f2 { [%clk 0:05:36] } Rc8 { [%clk 0:04:20] } 23. c4 {
[%clk 0:05:28] } d4 { [%clk 0:04:10] } 24. Rf5 { [%clk 0:04:39] } Nc5 { [%clk
0:03:55] } 25. b4 { [%clk 0:04:10] } axb4 { [%clk 0:03:46] } 26. axb4 { [%clk
0:04:07] } Nce6 { [%clk 0:03:32] } 27. Qf2 { [%clk 0:03:35] } Nd8 { [%clk
0:03:11] } 28. h4 { [%clk 0:03:27] } Nge6 { [%clk 0:02:44] } 29. Qg3 { [%clk
0:03:16] } Nf8 { [%clk 0:02:29] } 30. Nxh6+ { [%clk 0:03:13] } Kh8 { [%clk
0:02:20] } 31. Ng4 { [%clk 0:02:52] } Ng6 { [%clk 0:02:15] } 32. h5 { [%clk
0:02:46] } Nf8 { [%clk 0:01:58] } 33. Qh4 { [%clk 0:02:36] } Nh7 { [%clk
0:01:36] } 34. R1f4 { [%clk 0:02:07] } Ne6 { [%clk 0:01:18] } 35. Rf1 { [%clk
0:01:46] } Nd8 { [%clk 0:00:42] } 36. R5f4 { [%clk 0:01:23] } Ne6 { [%clk
0:00:20] } 37. Rf5 { [%clk 0:00:59] } Nd8 { [%clk 0:00:12] } 1/2-1/2

[Event "Королевский Гамбит. Южный Федеральный округ."]
[Date "2025-11-21"]
[Round "3.8"]
[Board "8"]
[White "Харьковская Анна"]
[WhiteElo "1019"]
[Black "Пилипчук Алёна"]
[BlackElo "999"]
[WebSite "https://www.chessopen.ru"]
[GameId "103eb10e-2c09-4f3d-a9cc-7255c0bee193"]
[Result "1-0"]

1. e4 { [%clk 0:10:01] } e5 { [%clk 0:10:00] } 2. Nf3 { [%clk 0:10:03] } Nc6 {
[%clk 0:10:02] } 3. Bc4 { [%clk 0:10:01] } Nf6 { [%clk 0:10:01] } 4. Nc3 {
[%clk 0:10:02] } Bc5 { [%clk 0:10:01] } 5. d3 { [%clk 0:10:03] } d6 { [%clk
0:10:03] } 6. h3 { [%clk 0:10:04] } h6 { [%clk 0:10:02] } 7. O-O { [%clk
0:10:03] } Be6 { [%clk 0:10:01] } 8. Bb3 { [%clk 0:10:04] } O-O { [%clk
0:10:02] } 9. Be3 { [%clk 0:10:05] } Bb6 { [%clk 0:10:02] } 10. Nd5 { [%clk
0:10:04] } Nxd5 { [%clk 0:10:00] } 11. exd5 { [%clk 0:10:06] } Bxh3 { [%clk
0:09:36] } 12. dxc6 { [%clk 0:10:00] } Bg4 { [%clk 0:09:25] } 13. cxb7 { [%clk
0:09:53] } Rb8 { [%clk 0:09:26] } 14. Bd5 { [%clk 0:09:49] } c5 { [%clk
0:09:06] } 15. Qd2 { [%clk 0:09:42] } Bc7 { [%clk 0:08:54] } 16. Bxh6 { [%clk
0:09:40] } gxh6 { [%clk 0:08:53] } 17. Qxh6 { [%clk 0:09:39] } Qf6 { [%clk
0:08:50] } 18. Qxf6 { [%clk 0:09:08] } Bxf3 { [%clk 0:08:44] } 19. Bxf3 { [%clk
0:08:47] } Rfe8 { [%clk 0:08:39] } 20. Bh5 { [%clk 0:08:35] } Rf8 { [%clk
0:08:33] } 21. Qg5+ { [%clk 0:08:22] } Kh8 { [%clk 0:08:32] } 22. Qh6+ { [%clk
0:08:23] } Kg8 { [%clk 0:08:31] } 23. Bg4 { [%clk 0:07:57] } Rfd8 { [%clk
0:08:25] } 24. Bf5 { [%clk 0:07:48] } Rxb7 { [%clk 0:08:17] } 25. Qh7+ { [%clk
0:07:45] } Kf8 { [%clk 0:08:11] } 26. Qh8+ { [%clk 0:07:26] } Ke7 { [%clk
0:08:12] } 27. Qh4+ { [%clk 0:06:58] } Ke8 { [%clk 0:08:03] } 28. Qh5 { [%clk
0:06:54] } Ke7 { [%clk 0:07:47] } 29. g3 { [%clk 0:06:42] } d5 { [%clk 0:07:38]
} 30. Kg2 { [%clk 0:06:25] } e4 { [%clk 0:07:37] } 31. dxe4 { [%clk 0:06:24] }
dxe4 { [%clk 0:07:37] } 32. Qg5+ { [%clk 0:06:24] } f6 { [%clk 0:07:38] } 33.
Qg7+ { [%clk 0:06:24] } Kd6 { [%clk 0:07:35] } 34. Rad1+ { [%clk 0:06:21] } Kc6
{ [%clk 0:07:33] } 35. Rxd8 { [%clk 0:06:21] } Bxd8 { [%clk 0:07:33] } 36.
Bxe4+ { [%clk 0:06:22] } Kb6 { [%clk 0:07:30] } 37. Qxb7+ { [%clk 0:06:19] }
Ka5 { [%clk 0:07:26] } 38. c3 { [%clk 0:06:14] } Bb6 { [%clk 0:07:21] } 39. Bd3
{ [%clk 0:06:11] } Bd8 { [%clk 0:07:07] } 40. Qa6# { [%clk 0:06:11] } 1-0